Современные программные средства обработки навигационных измерений ГЛОНАСС/GPS и их особенности; Перспективы развития фундаментальных наук; Т. 7 : IT-технологии и электроника
| Parent link: | Перспективы развития фундаментальных наук=Prospects of Fundamental Sciences Development: сборник научных трудов XIV Международной конференции студентов, аспирантов и молодых ученых, г. Томск, 25-28 апреля 2017 г./ Национальный исследовательский Томский политехнический университет (ТПУ) ; под ред. И. А. Курзиной, Г. А. Вороновой.— , 2017 Т. 7 : IT-технологии и электроника.— 2017.— [С. 126-128] |
|---|---|
| מחבר ראשי: | |
| מחברים אחרים: | |
| סיכום: | Заглавие с экрана The article gives examples of specialized programs «ModBis24», «Etna», developed with the direct participation of the author. A key goal of development is to improve the methods and algorithms of collecting, processing, storage and use of GLONASS and GPS measurements. |
| שפה: | רוסית |
| יצא לאור: |
2017
|
| נושאים: | |
| גישה מקוונת: | http://earchive.tpu.ru/handle/11683/45352 |
| פורמט: | אלקטרוני Book Chapter |
| KOHA link: | https://koha.lib.tpu.ru/cgi-bin/koha/opac-detail.pl?biblionumber=625718 |
MARC
| LEADER | 00000naa2a2200000 4500 | ||
|---|---|---|---|
| 001 | 625718 | ||
| 005 | 20231101133357.0 | ||
| 035 | |a (RuTPU)RU\TPU\conf\24978 | ||
| 035 | |a RU\TPU\conf\24976 | ||
| 090 | |a 625718 | ||
| 100 | |a 20171218d2017 k y0rusy50 ca | ||
| 101 | 0 | |a rus |d eng | |
| 102 | |a RU | ||
| 105 | |a y z 100zy | ||
| 135 | |a drcn ---uucaa | ||
| 181 | 0 | |a i | |
| 182 | 0 | |a b | |
| 200 | 1 | |a Современные программные средства обработки навигационных измерений ГЛОНАСС/GPS и их особенности |d Modern software for processing navigation measurements of GLONASS/GPS and their features |f А. Г. Ханин |g науч. рук. Ю. Е. Воскобойников | |
| 203 | |a Текст |c электронный | ||
| 230 | |a 1 компьютерный файл (pdf; 522 Kb) | ||
| 300 | |a Заглавие с экрана | ||
| 320 | |a [Библиогр.: с. 128 (5 назв.)] | ||
| 330 | |a The article gives examples of specialized programs «ModBis24», «Etna», developed with the direct participation of the author. A key goal of development is to improve the methods and algorithms of collecting, processing, storage and use of GLONASS and GPS measurements. | ||
| 461 | 1 | |0 (RuTPU)RU\TPU\conf\21388 |t Перспективы развития фундаментальных наук |l Prospects of Fundamental Sciences Development |o сборник научных трудов XIV Международной конференции студентов, аспирантов и молодых ученых, г. Томск, 25-28 апреля 2017 г. |o в 7 т. |f Национальный исследовательский Томский политехнический университет (ТПУ) ; под ред. И. А. Курзиной, Г. А. Вороновой |d 2017 | |
| 463 | 1 | |0 (RuTPU)RU\TPU\conf\21398 |t Т. 7 : IT-технологии и электроника |v [С. 126-128] |d 2017 | |
| 510 | 1 | |a Modern software for processing navigation measurements of GLONASS/GPS and their features |z eng | |
| 610 | 1 | |a электронные ресурсы | |
| 610 | 1 | |a навигационные системы | |
| 610 | 1 | |a ГЛОНАСС | |
| 610 | 1 | |a GPS | |
| 610 | 1 | |a научно-технические разработки | |
| 610 | 1 | |a программное обеспечение | |
| 700 | 1 | |a Ханин |b А. Г. | |
| 702 | 1 | |a Воскобойников |b Ю. Е. |4 727 | |
| 801 | 2 | |a RU |b 63413507 |c 20171220 |g RCR | |
| 856 | 4 | |u http://earchive.tpu.ru/handle/11683/45352 | |
| 942 | |c BK | ||